El sol, la tierra y las radiaciones. Introducción al estudio de la ionósfera y de la magnetósfera
Saved in:
| Hovedforfatter: | |
|---|---|
| Format: | Bog |
| Sprog: | spansk |
| Udgivet: |
Madrid
Guadarrama
1970
|
| Serier: | Biblioteca para el hombre actual
|
| Fag: | |
| Tags: |
Tilføj Tag
Ingen Tags, Vær først til at tagge denne postø!
|
MARC
| LEADER | 00000nam a2200000 a 4500 | ||
|---|---|---|---|
| 001 | UCT2443 | ||
| 003 | CL-VaPUC | ||
| 008 | 961011e19700000SP |||||||||||||||||spa|d | ||
| 082 | 0 | 4 | |a 538.767 |b RAT |2 21 |
| 100 | 0 | |a Ratcliffe, J. A |e author |9 371469 | |
| 245 | 1 | 3 | |a El sol, la tierra y las radiaciones. Introducción al estudio de la ionósfera y de la magnetósfera |
| 300 | |a 256 p | ||
| 942 | |c BK | ||
| 945 | |d 19961011 00:00:00 |a paguirre | ||
| 260 | |a Madrid |b Guadarrama |c 1970 | ||
| 600 | 0 | 7 | |a SOL |2 CL-VaPUC |9 369815 |
| 600 | 0 | 7 | |a TIERRA |2 CL-VaPUC |9 369814 |
| 650 | 7 | |a IONOSFERA |2 CL-VaPUC |9 365170 | |
| 650 | 0 | |a Atmósfera terrestre |9 343034 | |
| 650 | 0 | |a Atmósferas |9 359088 | |
| 650 | 7 | |a RADIACION IONIZANTE |2 CL-VaPUC |9 313661 | |
| 650 | 7 | |a RADIACION SOLAR |2 CL-VaPUC |9 350685 | |
| 650 | 7 | |a FISICA SOLAR |2 CL-VaPUC |9 369672 | |
| 583 | |a last modification |c 19961011 00:00:00 |k Rodrigo Vera | ||
| 490 | 0 | |a Biblioteca para el hombre actual | |
| 999 | |c 252536 |d 252534 | ||
| 952 | |0 0 |1 0 |4 0 |6 538_767000000000000_RAT_1970 |7 0 |8 A |9 272445 |a BIBCUR |b BIBCUR |d 2019-11-19 |i 1764764 |o 538.767 RAT 1970 |p 1764764 |r 2025-04-22 |w 2019-11-19 |y BK |k BCB | ||